000 00223nam a22000857a 4500
008 160630b xxu||||| |||| 00| 0 eng d
100 _91448
_aTayal, B.B., et al
245 _aNew Social Sciences - VIII
260 _aN.D
_b Arya
_c2005
999 _c1194
_d1194